[Event "7th RTU Open 2017"]
[Site "Riga"]
[Date "2017.08.12"]
[Round "8"]
[White "Sveshnikov, Vladimir"]
[Black "Grinberg, Eyal"]
[Result "1/2-1/2"]
[WhiteElo "2377"]
[BlackElo "2455"]
[Annotator "TA"]
[PlyCount "191"]
[EventDate "2017.??.??"]
[EventType "swiss"]
[EventCountry "LAT"]
[SourceTitle "playchess.com"]
[Source "ChessBase"]
[SourceQuality "1"]

{[%evp 15,191,23,4,8,19,0,0,-19,-15,-6,0,-14,-16,-14,-22,-18,-33,-15,0,-3,7,8,22,0,32,20,23,21,71,60,71,67,50,39,73,30,19,-18,-50,-43,-35,-12,62,27,39,28,34,22,43,27,49,6,22,41,82,-35,-27,-23,-37,-50,-40,-7,0,0,49,-56,-75,-123,-127,-135,-126,-107,-124,-206,-137,-169,-179,-147,-75,-75,-79,-73,0,0,0,-9,-5,-164,0,0,0,0,0,0,0,0,0,-327,-283,-213,0,0,0,0,0,0,0,0,0,0,0,0,0,0,0,0,0,0,0,0,0,0,0,0,0,0,0,0,0,0,0,0,0,0,0,0,0,0,0,0,0,0,0,0,0,0,0,-18,0,0,0,-87,-87,-193,-196,-189,-179,-185,-194,-5700,-9843,-12849,-12849,-29979,-29980,-12851,0,0,0,0,0,0,0,0,0,0,0,0]} 1. e4 c5 2. c3 d6 3. d4 Nf6 4. Bd3 Qc7 5. Nf3 g6 (5... Bg4 6. Be3 e6 7. Nbd2 Nc6 8. O-O Be7 9. a3 Bh5 10. b4 Bg6 11. Nh4 Bh5 12. Nhf3 Rc8 13. Qb1 Bg6 {0-1 (55) Potapov,P (2476)-Artemiev,V (2676) Khanty-Mansiysk 2015}) 6. O-O {B07: Pirc Defence: Miscellaneous Systems} Bg7 7. Na3 O-O 8. dxc5 Qxc5 {LiveBook: 5 Games} 9. Be3 Qa5 10. Nc4 Qc7 11. Nd4 $146 ({Predecessor:} 11. Qe2 Nc6 12. h3 Be6 13. Ng5 Bxc4 14. Bxc4 {0-1 (39) Rudolf,A (2185)-Remete,Z (2086) Budapest 2004}) 11... Nc6 12. Nb5 Qd8 13. a4 Be6 14. Nd2 Ng4 15. Bf4 a6 16. Na3 $1 Rc8 (16... Nge5 $5 {[%cal Re5d3]} 17. Bc4 Nxc4 18. Naxc4 b5 $15) 17. Bc4 $36 {[%mdl 2048] Black is under pressure.} Bd7 18. h3 Nge5 19. Be2 Na5 20. b4 Nac6 21. Be3 Nb8 22. Rc1 f5 23. f4 Nf7 24. Qb3 Kh8 25. exf5 Bxf5 26. g4 Bd7 27. b5 axb5 28. axb5 Be8 (28... e5 $1 $11) 29. c4 (29. Bf3 $5 {[%cal Rf3b7]} Qc7 30. Bd5 $14) 29... Nd7 30. Ne4 Nc5 31. Nxc5 dxc5 32. Rcd1 Nd6 33. Nb1 Qa5 34. Bd2 Qa7 35. Nc3 (35. Bc3 $16) 35... Bd4+ $15 36. Kg2 Bf7 37. Ra1 Qb8 38. Bd3 Qc7 39. Rae1 Qd7 40. Ne2 ({Better is} 40. Ne4 $14) 40... Bf6 $1 41. Rf3 {[#]} Nxc4 $1 {[%mdl 512]} 42. Bxc4 Bxc4 43. Qxc4 Qxd2 44. Kf1 (44. Rc1 $17) 44... Rfd8 45. g5 {[#]} Bg7 $1 46. h4 Qd5 (46... b6 $142 47. Qe6 c4) 47. Qxd5 $17 Rxd5 48. Nc3 Bxc3 (48... Rd7 $17 49. Na4 Rd4) 49. Rxc3 {[%mdl 4096] Endgame KRR-KRR} c4 50. Rxe7 Rxb5 {Threatening ...Rb2.} 51. h5 $2 (51. Ke2 $11 {and White has nothing to worry.}) 51... Rb1+ $2 (51... gxh5 $19 {And now ...Rf5 would win.} 52. Rh3 Rb1+ 53. Re1 Rb2 54. Rxh5 Kg8) 52. Kg2 $11 Rb2+ 53. Kg3 gxh5 {Threatens to win with ...Rb1.} 54. Rc1 Rb3+ (54... Kg8 {seems wilder.} 55. Rd1 Ra8 56. g6 h4+ 57. Kh3 Rb6) 55. Kh4 Rf3 (55... c3 {looks sharper.} 56. Rd1 Rb4 57. Rdd7 Rxf4+ 58. Kxh5 Rf2) 56. Rxb7 $2 {[%mdl 8192]} (56. Kxh5 $11 Rxf4 57. Rb1) 56... Rxf4+ $19 57. Kxh5 Kg8 $2 (57... c3 $19 58. Rc2 Rcc4 59. Rb8+ Kg7 60. Rb7+ Rf7) 58. Rc3 $1 $11 Rf7 59. Rb6 Kg7 60. Rd6 Rc5 61. Rd4 Rfc7 {aiming for ...h6.} (61... Re7 {with more complications.} 62. Rcxc4 Rxc4 63. Rxc4) 62. Kg4 R7c6 63. Rh3 Rc7 (63... c3 $5 {[%cal Rc5c4]} 64. Rd7+ Kg8 65. Rhxh7 Rg6 $11) 64. Rc3 R5c6 65. Kh5 Kf7 66. Re4 Rc5 67. Kg4 Kg7 68. Rd4 Kf8 69. Re4 R5c6 70. Kh5 Kg7 71. Kg4 Kg6 72. Rd4 Rc5 73. Rd6+ Kf7 74. Kf4 Ke8 75. Rd4 R5c6 76. Kg4 Ke7 77. Kf4 Rc5 78. Re3+ Kf7 {Hoping for ...c3.} 79. Rc3 Kg6 80. Rd6+ Kg7 81. Kg4 R7c6 82. Rd4 Kg6 83. Kh4 {[#]} (83. Kf4 $1 $11) 83... Kf5 $1 $17 84. Kh5 (84. Kg3 $17) 84... Ke5 $19 85. Rd1 Rd5 86. Re1+ Kd4 87. Rec1 $2 (87. Rh3) 87... h6 88. Rxc4+ Rxc4 89. Rxc4+ Kxc4 90. Kxh6 {KR-KP} Rd2 $2 ({Black should play} 90... Rd8 $19 91. Kg6 Kd5) 91. g6 $11 {The position is equal.} Rh2+ 92. Kg5 Kd5 93. g7 Ke5 {( -> ...Rg2+)} 94. Kg6 Rg2+ 95. Kf7 {[#]} Rxg7+ $1 {[%mdl 512]} 96. Kxg7 {Precision: White = 54%, Black = 57%.} 1/2-1/2

[Event "7th RTU Open 2017"]
[Site "Riga"]
[Date "2017.08.12"]
[Round "8"]
[White "Gokerkan, Cem Kaan"]
[Black "Bailet, Pierre"]
[Result "1/2-1/2"]
[WhiteElo "2357"]
[BlackElo "2536"]
[Annotator "TA"]
[PlyCount "29"]
[EventDate "2017.??.??"]
[EventType "swiss"]
[EventCountry "LAT"]
[SourceTitle "playchess.com"]
[Source "ChessBase"]
[SourceQuality "1"]

{[%evp 14,29,43,35,45,0,43,13,11,0,0,0,0,-2,0,0,2,-8]} 1. e4 e5 2. Nf3 Nc6 3. Bc4 Nf6 4. d3 Be7 5. O-O O-O 6. Re1 d6 7. a4 Be6 8. Nbd2 Re8 {C55: Two Knights: 4 d3, 4 d4 exd4 5 e5 and Max Lange Attack} 9. a5 b6 $146 ({Predecessor:} 9... Bf8 10. c3 Rb8 11. b4 a6 12. Qb3 h6 13. h3 Qd7 14. Bb2 Ne7 15. Bxe6 Qxe6 16. Qxe6 fxe6 {0-1 (49) Tkachiev,V (2535)-Nikolic,P (2655) Paris 1994}) 10. Bb5 Bd7 {The position is equal.} 11. axb6 axb6 12. Rxa8 Qxa8 13. Nc4 Nb8 14. Bxd7 Nbxd7 15. h3 1/2-1/2

[Event "7th RTU Open 2017"]
[Site "Riga"]
[Date "2017.08.12"]
[Round "8"]
[White "Pershin, Denis"]
[Black "Sarana, Alexey"]
[Result "0-1"]
[WhiteElo "2353"]
[BlackElo "2540"]
[Annotator "TA"]
[PlyCount "120"]
[EventDate "2017.??.??"]
[EventType "swiss"]
[EventCountry "LAT"]
[SourceTitle "playchess.com"]
[Source "ChessBase"]
[SourceQuality "1"]

{[%evp 9,120,-8,0,0,0,0,15,0,0,0,1,-28,-32,-34,-33,-35,-38,-54,-55,-97,-101,-160,-160,-118,-141,-223,-219,-232,-222,-251,-216,-193,-202,-252,-262,-262,-267,-265,-284,-283,-273,-287,-153,-153,-153,-153,-148,-146,-146,-168,-158,-167,-167,-173,-170,-171,-167,-167,-156,-167,-153,-183,-153,-153,-150,-235,-235,-234,-229,-225,-223,-202,-201,-176,-153,-194,-153,-153,-153,-153,0,-153,-153,-153,-153,-153,-153,-153,-153,-154,-153,-154,-154,-596,-595,-579,-578,-577,-563,-505,-558,-557,-507,-514,-470,-438,-423,-601,-601,-560,-560,-485,-454]} 1. d4 Nf6 2. Nc3 d5 3. Bf4 e6 4. Nb5 Na6 5. e3 c6 (5... Be7 {feels hotter.} 6. Nf3 O-O 7. c4 c5 8. Be2 dxc4 9. Bxc4 Nd5) 6. Nc3 {D00: 1 d4 d5: Unusual lines} Bb4 7. Bxa6 (7. Nge2 O-O 8. a3 Bd6 9. Ng3 Nc7 10. Bd3 Re8 11. Bxd6 Qxd6 {0-1 (42) Rapport,R (2717)-Wei,Y (2707) Yancheng 2016}) 7... bxa6 8. Nge2 {The position is equal.} O-O 9. a3 Be7 10. Qd3 $146 ({Predecessor:} 10. O-O c5 11. Ng3 Bb7 {0-1 (56) Fries Nielsen,J (2411)-Semcesen,D (2449) Lund 2011}) 10... c5 11. h3 Bb7 12. O-O Rc8 13. Kh1 a5 14. Ng1 Qb6 {Threatens to win with ...Ba6.} 15. Qd2 (15. dxc5 $142 Qxc5 16. Nge2) 15... cxd4 $17 16. exd4 Qxb2 17. Rab1 (17. Rfb1 $17 {was called for.} Qxc3 18. Qxc3 Rxc3 19. Rxb7) 17... Qxc3 $19 18. Rxb7 {Strongly threatening Qxc3.} Bxa3 19. Rxa7 Bb4 ({Don't do} 19... Qxc2 20. Qxc2 Rxc2 21. Rxa5 $17) 20. Qxc3 Rxc3 21. Nf3 Rxc2 22. Bc7 Ne4 23. Kg1 Ra2 24. Ne5 a4 25. Nc6 Bd6 (25... Bd2 $19 {...Rc2 is the strong threat.} 26. Bb6 Bg5) 26. f3 $17 Rc2 27. fxe4 Rxc6 28. Bxd6 Rxd6 29. exd5 Rxd5 30. Rxa4 {[%mdl 4096] Endgame KRR-KRR} Rfd8 31. Rc1 h5 32. Rcc4 Kh7 33. Kf2 Kg6 34. h4 R8d7 35. Kf3 Kf5 36. g3 Rb7 {And now ...Rb3+ would win.} 37. Rc3 (37. Rab4 $17 Rbd7 38. Ra4) 37... Rb1 $19 38. Ra7 {[#]} Kg6 $1 ({Don't play} 38... Rxd4 39. Rxf7+ Kg6 40. Ra7 $17) 39. Ke4 Re1+ 40. Re3 Rd1 41. Ra4 Rf1 42. Rf3 Re1+ 43. Re3 Rb1 44. Rc4 Rd1 45. Ra4 $1 Rb5 46. Rc4 Rb2 47. Ra4 Rf2 48. Ra6 Rf5 49. Rb6 Kf6 50. Rb8 Ra1 51. Rf3 $2 (51. Rc8 $17 {is more resistant.}) 51... Rxf3 {Black is clearly winning.} 52. Kxf3 {KR-KR} Ra3+ 53. Kf2 Rd3 54. Rb4 Kg6 55. Ra4 {[#]} f6 $1 56. Rb4 Kf5 57. Rb7 g6 58. Rb4 (58. Rb5+ $142 Ke4 59. Rb6) 58... Ke4 59. Rb6 Kd5 60. Rb7 Rxd4 {Precision: White = 50%, Black = 86%.} 0-1